000 00498nam a2200181Ia 4500
008 090123s9999 xx 000 0 und d
082 _b28595
100 _aढोले संजय
245 _aप्रतिशोध
250 _a1
260 _bपुष्प प्रकाशन
_c1998
300 _a158
600 _aढोले संजय
630 _aप्रतिशोध
700 _aढोले संजय
730 _aप्रतिशोध
942 _cBOOK
999 _c67130
_d67130